ក្រុមបច្ចេកទេសអនុវត្តប្រមូលផលព្រៃឈើនៅកម្ពុជា (Record no. 9275)
[ view plain ]
| 000 -LEADER | |
|---|---|
| fixed length control field | 00333nam a22001217a 4500 |
| 040 ## - CATALOGING SOURCE | |
| Transcribing agency | HS |
| 082 ## - DEWEY DECIMAL CLASSIFICATION NUMBER | |
| Classification number | 235 |
| 100 ## - MAIN ENTRY--AUTHOR NAME | |
| Personal name | NA |
| 245 ## - TITLE STATEMENT | |
| Title | ក្រុមបច្ចេកទេសអនុវត្តប្រមូលផលព្រៃឈើនៅកម្ពុជា |
| 260 ## - PUBLICATION, DISTRIBUTION, ETC. (IMPRINT) | |
| Place of publication | Cambodia |
| Name of publisher | NA |
| Year of publication | NA |
| 300 ## - PHYSICAL DESCRIPTION | |
| Number of Pages | 69p; |
| 942 ## - ADDED ENTRY ELEMENTS (KOHA) | |
| Koha item type | សៀវភៅភាសាខ្មែរ |
| 952 ## - LOCATION AND ITEM INFORMATION (KOHA) | |
| Withdrawn status [LOCAL, KOHA] | 0 |
| 952 ## - LOCATION AND ITEM INFORMATION (KOHA) | |
| Withdrawn status [LOCAL, KOHA] | 0 |
| 952 ## - LOCATION AND ITEM INFORMATION (KOHA) | |
| Withdrawn status [LOCAL, KOHA] | 0 |
| Permanent Location | Date acquired | Koha item type | Lost status | Shelving location | Barcode | Current Location | Full call number |
|---|---|---|---|---|---|---|---|
| Library Block C | 2016-08-30 | សៀវភៅភាសាខ្មែរ | C041 | RUA059944 | Library Block C | 235 NA NA C041 | |
| Library Block C | 2016-08-30 | សៀវភៅភាសាខ្មែរ | C041 | RUA042666 | Library Block C | 235 NA NA C041 | |
| Library Block C | 2016-08-31 | សៀវភៅភាសាខ្មែរ | C244 | RUA41702 | Library Block C | 235 ប្រមាញ់ NA C244 |